000 00583cam a22002291 4500
001 sa 68003522
003 DLC
005 20260227112453.0
008 890720s1963 ii 000 0 maro
010 _asa 68003522
035 _a(OCoLC)20047021
040 _aDLC
_cWaU
_dDLC
042 _apremarc
043 _aa-cc---
_aa-ii---
050 0 0 _aDS480.85
_b.J62
100 1 _aJoshi, Shripad,
_d1920-
245 1 0 _aCīnacē ākramaṇa va Gāndhīvāda.
260 _c[1963]
300 _a168 p.
_c19 cm.
500 _aIn Marathi.
650 0 _aSino-Indian Border Dispute, 1957-
999 _c79544
_d79544